Дело о числе мест заключения и о содержащихся в них арестантах по Бессарабской области за 1867 год

Доступно только в Электронных читальных залах Найти на картеНа карте
RUSMARC
00003709nmc2a22000003x 450
001fc4d616e-3e38-40d4-a0a4-c6aeaa11ba6e
00520210315115900.0
100##$a20181207l18671868k l0rusy0189 ca
1010#$arus
102##$aRU
2001#$aДело о числе мест заключения и о содержащихся в них арестантах по Бессарабской области за 1867 год
$j22 ноября 1867 г. - 1 марта 1868 г.
251##$cДело
300##$aДело
801#0$aRU
$bРГИА
$c20181207
$gRCR
801#1$aRU
$bГлавНИВЦ
$c20181207
$2rusmarc
801#2$aRU
$bПБ им. Б.Н. Ельцина
$c20210315
$gRCR
$2rusmarc
850##$aРГИА
852##$aРГИА
$eФедеральное казенное учреждение "Российский государственный исторический архив" (РГИА)
$j761
937##$hРГИА
$d12295084
$aASBIBLIO_SCAN
462#0$100191353b96-cc3d-4f24-9eeb-3bfef1665a95
$12001
$aДела Департамента полиции исполнительной МВД за 1867 год
$1251
$cОпись
$1852
$j28
$l1867 г.
461#0$10013e300ed0-cd39-49af-8489-5ba5b90fa401
$12001
$aДепартамент полиции исполнительной МВД
$1251
$cФонд
$1852
$j1286
215##$a8 л.
$d36,5х26 см
371##$aДокумент не является опубликованным и широко распространяемым
105##$ay###
1222#$ad
035##$afc4d616e-3e38-40d4-a0a4-c6aeaa11ba6e
856##$uhttp://readingroom.main.prlib.ru/item.aspx?id_node=n158643789&mode=full
Формат отображения